Library Banner

Clinical psychomotor skills assessment tools for nujrses / (Record no. 117232)

MARC details
000 -LEADER
fixed length control field 00481nam a22001577a 4500
005 - DATE AND TIME OF LATEST TRANSACTION
control field 20200229112308.0
008 - FIXED-LENGTH DATA ELEMENTS--GENERAL INFORMATION
fixed length control field 200229b ||||| |||| 00| 0 eng d
020 ## - INTERNATIONAL STANDARD BOOK NUMBER
International Standard Book Number 9780170350952
040 ## - CATALOGING SOURCE
Transcribing agency PK-LaUMT
082 ## - DEWEY DECIMAL CLASSIFICATION NUMBER
Classification number 610.730994
Item number TOL-C
100 ## - MAIN ENTRY--PERSONAL NAME
Personal name Tollefson, Joanne
245 ## - TITLE STATEMENT
Title Clinical psychomotor skills assessment tools for nujrses /
Statement of responsibility, etc by Joanne Tollefson and Elspeth Hillman
260 ## - PUBLICATION, DISTRIBUTION, ETC. (IMPRINT)
Place of publication, distribution, etc Albany :
Name of publisher, distributor, etc Cengage Learning Australia,
Date of publication, distribution, etc 2016
300 ## - PHYSICAL DESCRIPTION
Extent 427 p.
942 ## - ADDED ENTRY ELEMENTS (KOHA)
Koha item type Books
Holdings
Withdrawn status Lost status Damaged status Home library Current library Date acquired Full call number Barcode Date last seen Price effective from Koha item type
      UMT Health Sciences Campus UMT Health Sciences Campus 2020-02-29 610.730994 TOL-C 133534 2020-02-29 2020-02-29 Books